Vzťahy medzi ČĽR a Čínskou republikou na Taiwane bakalárska práca

Uložené v:
Podrobná bibliografia
Hlavný autor: Kordovaníková, Dana
Korporativný autor: Fakulta medzinárodných vzťahov EU. Katedra medzinárodných politických vzťahov
Ďalší autori: Škvrnda, František
Médium: Kniha
Jazyk:Slovak
Vydavateľské údaje: Bratislava 2017
Tagy: Pridať tag
Žiadne tagy, Buďte prvý, kto otaguje tento záznam!

MARC

LEADER 00000nbm a2200000 4500
001 0232102
005 20180223122343.6
041 0 |a slo 
044 |a SK 
245 1 0 |a Vzťahy medzi ČĽR a Čínskou republikou na Taiwane  |b bakalárska práca  |c Dana Kordovaníková ; školiteľ: František Škvrnda 
264 1 |a Bratislava  |c 2017 
300 |a 55 s. 
100 1 |a Kordovaníková, Dana 
700 1 |a Škvrnda, František 
710 2 |a Fakulta medzinárodných vzťahov EU. Katedra medzinárodných politických vzťahov